000 00696cam a2200229 a 4500
001 000035956
003 OSt
005 20240412074258.0
008 990219s1987 dr jr 001 d spa
040 _aDO-SdBNP
_bspa
_cBNPHU
082 4 _aRD862.4
_bQ51t
100 1 _aQuesada P., Delia M.
_961982
245 1 0 _aTeatro infantil /
_cDelia M. Quesada P.
260 _aCiudad Trujillo, República Dominicana :
_bLa idea,
_c1941
300 _a122 p. ;
_c23 cm.
590 _aInventariado, 2019/DG
650 4 _aTeatro infantil dominicano
_961983
650 0 _aTeatro dominicano
_9637
650 0 _aLiteratura dominicana.
_967
910 _aValidado. Control de la calidad. EMS
942 _2ddc
_cLBS1
999 _c35447
_d35447